000 01653nam a2200301 4500
003 OSt
005 20240610145053.0
007 cr ||||||a|c|a
008 240610s2012 mx a|||f |||| 001 0 spa d
020 _a9786076051009
040 _erda
_cCHAP
082 0 0 _a711.0972074
_bK92
100 1 _9189179
_aKrieger, Peter
245 1 0 _aTransformaciones del paisaje urbano en México:
_brepresentación y registro visual /
_cpor Peter Krieger; traductor Petch Fionn
250 _aPrimera edición
264 _aMéxico:
_bINBA,
_c2012
300 _a251 páginas:
_bIlustraciones
336 _2rdacontent
_atexto
_btxt
337 _2rdamedia
_asin medio
_bn
338 _2rdacarrier
_avolumen
_bnc
500 _aContiene una adenda en idioma inglés en la página 205
504 _aContiene índice
520 _a"Conformada por pinturas, grabados y litografías de artistas plásticos por un lado y fotografías aéreas por el otro, esta exposición surge de vincular dos aproximaciones a la geografía del Valle de México y responde a la innovadora museografía del Museo Nacional de Arte, espacio abierto que estimula el diálogo entre su acervo con otras colecciones. En este caso se ha buscado la aproximación, la convergencia de dos miradas. La primera artística, representada por cincuenta obras plásticas, y la segunda técnica a través de una selección de fotografías tomadas desde aviones por la empresa Ingenieros Civiles Asociados (ICA) para sus obras de ingeniería civil."
650 4 _9189180
_aArte mexicano
_vExposiciones
650 4 _9189181
_aPaisaje urbano
_zMéxico
700 1 _9189174
_aPetch, Fionn
942 _2ddc
_cLIBRO
999 _c219978
_d219978